000 01053cam a2200277 a 4500
003 EG-GiCUC
005 20250223032113.0
008 181110s1996 ua dh f m 000 0 eng d
040 _aEG-GiCUC
_beng
_cEG-GiCUC
041 0 _aeng
049 _aDeposite
097 _aM.Sc
099 _aCai01.10.13.M.Sc.1996.In.S
100 0 _aInas Nabil Elhusseny Awad
245 1 0 _aStudies on tendon injuries in equine /
_cInas Nabil Elhusseny Awad ; Supervised Ahmed Sayed Soliman , Mohey Elsaid Easa
246 1 5 _aدراسات على إصابات الأوتار فى الخيول
260 _aCairo :
_bInas Nabil Elhusseny Awad ,
_c1996
300 _a170 Leaves :
_bcharts , facsimiles ;
_c30cm
502 _aThesis (M.Sc.) - Cairo University - Faculty of Veterinary Medicine - Department of Surgery-Anesthesiology-Radiology
700 0 _aAhmed Sayed Soliman ,
_eSupervisor
700 0 _aMohey Elsaid Easa ,
_eSupervisor
856 _uhttp://172.23.153.220/th.pdf
905 _aNazla
_eRevisor
905 _aSamia
_eCataloger
942 _2ddc
_cTH
999 _c68435
_d68435